Geology and ore deposits of the Ajo quadrangle, Arizona, (Record no. 27329)

MARC details
000 -LEADER
fixed length control field 01323cam a22003251 4500
001 - CONTROL NUMBER
control field gs 37000034
003 - CONTROL NUMBER IDENTIFIER
control field DLC
005 - DATE AND TIME OF LATEST TRANSACTION
control field 20260227111341.0
008 - FIXED-LENGTH DATA ELEMENTS--GENERAL INFORMATION
fixed length control field 760223s1937 azua s000 0 eng
010 ## - LIBRARY OF CONGRESS CONTROL NUMBER
LC control number gs 37000034
035 ## - SYSTEM CONTROL NUMBER
System control number (OCoLC)2008147
040 ## - CATALOGING SOURCE
Original cataloging agency DLC
Transcribing agency AzFU
Modifying agency OCoLC
-- DLC
042 ## - AUTHENTICATION CODE
Authentication code premarc
050 00 - LIBRARY OF CONGRESS CALL NUMBER
Classification number QE86.A9
Item number G5
082 ## - DEWEY DECIMAL CLASSIFICATION NUMBER
Classification number 622.061791
086 0# - GOVERNMENT DOCUMENT CLASSIFICATION NUMBER
Classification number MN 1.3:B 85/141
Number source azdocs
100 1# - MAIN ENTRY--PERSONAL NAME
Personal name Gilluly, James,
Dates associated with a name 1896-1980.
245 10 - TITLE STATEMENT
Title Geology and ore deposits of the Ajo quadrangle, Arizona,
Statement of responsibility, etc. by James Gilluly.
260 ## - PUBLICATION, DISTRIBUTION, ETC.
Place of publication, distribution, etc. Tucson, Ariz.,
Name of publisher, distributor, etc. University of Arizona
Date of publication, distribution, etc. [1937]
300 ## - PHYSICAL DESCRIPTION
Extent 83 p. :
Other physical details ill., tables. IV fold, pl.in pocket. ;
Dimensions 24 cm.
410 20 - SERIES STATEMENT/ADDED ENTRY--CORPORATE NAME [OBSOLETE, CAN/MARC], [LOCAL, USA]
Corporate name or jurisdiction name as entry element University of Arizona.
Subordinate unit State Bureau of Mines.
Title of a work Bulletin
Volume number/sequential designation no. 141
490 1# - SERIES STATEMENT
Series statement Geological series,
Volume/sequential designation no. 9
500 ## - GENERAL NOTE
General note University of Arizona bulletin. Vol VIII, no. 1, January 1, 1937.
500 ## - GENERAL NOTE
General note "Prepared under a co-operative agreement between the Arizona Bureau of mines and the United States Geological survey."
650 #0 - SUBJECT ADDED ENTRY--TOPICAL TERM
Topical term or geographic name entry element Geology
Geographic subdivision Arizona
-- Ajo quadrangle.
650 #0 - SUBJECT ADDED ENTRY--TOPICAL TERM
Topical term or geographic name entry element Mines and mineral resources
Geographic subdivision Arizona
-- Ajo quadrangle.
710 2# - ADDED ENTRY--CORPORATE NAME
Corporate name or jurisdiction name as entry element Geological Survey (U.S.)
830 #0 - SERIES ADDED ENTRY--UNIFORM TITLE
Uniform title Bulletin (University of Arizona) ;
Volume/sequential designation v. 8, no. 1.
810 2# - SERIES ADDED ENTRY--CORPORATE NAME
Corporate name or jurisdiction name as entry element University of Arizona.
Subordinate unit State Bureau of Mines.
Title of a work Geological series.
Volume/sequential designation no. 9.

No items available.

Powered by Koha